[Event "Cincuentenario C.A. Villa Martelli ITT"]
[Site "Villa Martelli ARG"]
[Date "2005.08.25"]
[Round "8"]
[White "Fusco, Leonardo"]
[Black "Flores, Diego"]
[Result "1-0"]
[WhiteElo "2278"]
[BlackElo "2513"]
[PlyCount "87"]
[EventDate "2005.08.30"]
[EventType "tourn"]
[EventRounds "9"]
[EventCountry "ARG"]
[Source "lmi"]
[SourceDate "2005.08.28"]

1. e4 c5 2. Nf3 e6 3. d4 cxd4 4. Nxd4 a6 5. Bd3 Qc7 6. O-O Nf6 7. Qe2 d6 8. c4
Be7 9. Nc3 O-O 10. Bd2 Nc6 11. Nxc6 bxc6 12. e5 dxe5 13. f4 Bd6 14. fxe5 Bxe5
15. Rae1 Nd7 16. Ne4 f5 17. Ng5 Bxh2+ 18. Kh1 Nc5 19. Bc2 h6 20. Rf3 hxg5 21.
Rh3 Bg3 22. Qh5 Bh4 23. g3 Bb7 24. gxh4 g4 25. Rhe3 Rf6 26. Bc3 Rf7 27. b4 Na4
28. Bxa4 c5+ 29. Kg1 cxb4 30. Bb2 Rd8 31. R1e2 Qc5 32. Qg5 Rd6 33. Qf4 Bf3 34.
Rf2 Rd8 35. Rxe6 Re7 36. Qe5 Qxe5 37. Rxe5 Rf7 38. c5 Kh7 39. c6 g6 40. Rc5 f4
41. c7 Rc8 42. Rfc2 Re7 43. Be5 Rf7 44. Kf2 1-0

[Event "Cincuentenario C.A. Villa Martelli ITT"]
[Site "Villa Martelli ARG"]
[Date "2005.08.26"]
[Round "9"]
[White "De Dovitiis, Alejo"]
[Black "Cubas, Jose Fernando"]
[Result "1-0"]
[WhiteElo "2345"]
[BlackElo "2451"]
[PlyCount "33"]
[EventDate "2005.08.30"]
[EventType "tourn"]
[EventRounds "9"]
[EventCountry "ARG"]
[Source "lmi"]
[SourceDate "2005.08.28"]

1. e4 e6 2. d4 d5 3. exd5 exd5 4. Nf3 Bd6 5. c4 dxc4 6. Bxc4 Nf6 7. O-O O-O 8.
Nc3 Nbd7 9. Re1 Nb6 10. Bb3 h6 11. Qc2 c6 12. Bxh6 gxh6 13. Qg6+ Kh8 14. Ne4
Be7 15. Nxf6 Bxf6 16. Bc2 Bf5 17. Bxf5 1-0

[Event "Cincuentenario C.A. Villa Martelli ITT"]
[Site "Villa Martelli ARG"]
[Date "2005.08.26"]
[Round "9"]
[White "Flores, Diego"]
[Black "Della Morte, Pablo"]
[Result "1-0"]
[WhiteElo "2513"]
[BlackElo "2271"]
[PlyCount "43"]
[EventDate "2005.08.30"]
[EventType "tourn"]
[EventRounds "9"]
[EventCountry "ARG"]
[Source "lmi"]
[SourceDate "2005.08.28"]

1. Nf3 g6 2. c4 Bg7 3. Nc3 d6 4. d4 Nf6 5. e4 O-O 6. h3 c5 7. d5 e6 8. Bd3 exd5
9. exd5 Re8+ 10. Be3 Nh5 11. O-O f5 12. Re1 Nd7 13. Qd2 Ne5 14. Nxe5 Bxe5 15.
Bg5 Nf6 16. Ne2 Qb6 17. f4 Qxb2 18. fxe5 Qxd2 19. Bxd2 dxe5 20. Nc3 Bd7 21.
Rab1 b6 22. a4 1-0

[Event "Cincuentenario C.A. Villa Martelli ITT"]
[Site "Villa Martelli ARG"]
[Date "2005.08.26"]
[Round "9"]
[White "Rey, Fernando"]
[Black "Lopez Gonzalez, Daniel"]
[Result "1/2-1/2"]
[WhiteElo "2238"]
[BlackElo "2225"]
[PlyCount "33"]
[EventDate "2005.08.30"]
[EventType "tourn"]
[EventRounds "9"]
[EventCountry "ARG"]
[Source "lmi"]
[SourceDate "2005.08.28"]

1. e4 e6 2. d4 d5 3. Nc3 Nf6 4. Bg5 Bb4 5. e5 h6 6. Bd2 Bxc3 7. bxc3 Ne4 8. Qg4
Kf8 9. Nf3 c5 10. Bd3 Nxd2 11. Kxd2 c4 12. Be2 Nc6 13. Rhb1 Rb8 14. Qf4 b5 15.
a3 Bd7 16. Ke1 a5 17. Kf1 1/2-1/2

[Event "Cincuentenario C.A. Villa Martelli ITT"]
[Site "Villa Martelli ARG"]
[Date "2005.08.26"]
[Round "9"]
[White "Shcherbine, Andrei"]
[Black "Fusco, Leonardo"]
[Result "1/2-1/2"]
[WhiteElo "2250"]
[BlackElo "2278"]
[PlyCount "70"]
[EventDate "2005.08.30"]
[EventType "tourn"]
[EventRounds "9"]
[EventCountry "ARG"]
[Source "lmi"]
[SourceDate "2005.08.28"]

1. Nf3 Nf6 2. c4 g6 3. b4 Bg7 4. Bb2 O-O 5. e3 d6 6. Be2 e5 7. d3 a5 8. b5 e4
9. dxe4 Nxe4 10. Bxg7 Kxg7 11. Qd4+ Qf6 12. O-O Nd7 13. Nfd2 Ndc5 14. Nxe4 Nxe4
15. Bf3 Re8 16. Rd1 Bf5 17. g4 Bd7 18. Bxe4 Rxe4 19. Qxe4 Qxa1 20. Qd4+ Qxd4
21. Rxd4 Be6 22. Nc3 h6 23. f3 Kf8 24. Kf2 Ke7 25. Kg3 c6 26. bxc6 bxc6 27. c5
dxc5 28. Ra4 g5 29. h4 f6 30. f4 Rd8 31. hxg5 hxg5 32. fxg5 fxg5 33. Rxa5 Rd3
34. Rxc5 Rxe3+ 35. Kf2 Kd6 1/2-1/2